Online Catalogue and eLibrary

Questions of consciousness / (Record no. 268)

MARC details
000 -LEADER
fixed length control field 00776pam a2200265 a 4500
001 - CONTROL NUMBER
control field 1142926
005 - DATE AND TIME OF LATEST TRANSACTION
control field 20240202011525.0
008 - FIXED-LENGTH DATA ELEMENTS--GENERAL INFORMATION
fixed length control field 950403s1995 enk b 001 0 eng
020 ## - INTERNATIONAL STANDARD BOOK NUMBER
ISBN 0415123968 (pb)
020 ## - INTERNATIONAL STANDARD BOOK NUMBER
ISBN 041512395X (hb)
040 ## - CATALOGING SOURCE (பட்டியலாக்க மூலம்)
Original cataloging agency DLC
Transcribing agency DLC
Modifying agency DLC
082 00 - DDC Classification
Class No. 306
DDC Edition Number 20
245 00 - TITLE STATEMENT
Title Questions of consciousness /
Statement of responsibility, etc. edited by Anthony P. Cohen and Nigel Rapport.
260 ## - PUBLICATION, DISTRIBUTION, ETC.
Place of publication, distribution, etc. London ;
-- New York :
Name of publisher, distributor, etc. Routledge,
Date of publication, distribution, etc. 1995.
300 ## - PHYSICAL DESCRIPTION
Extent (e.g. Volumes, Pages etc.) ix, 244 p. ;
490 1# - SERIES STATEMENT
Series statement ASA monographs ;
650 #0 - SUBJECT ADDED ENTRY--TOPICAL TERM
Topical term or geographic name entry element Consciousness
650 #0 - SUBJECT ADDED ENTRY--TOPICAL TERM
Topical term or geographic name entry element Ethnopsychology.
650 #0 - SUBJECT ADDED ENTRY--TOPICAL TERM
Topical term or geographic name entry element Self.
650 #0 - SUBJECT ADDED ENTRY--TOPICAL TERM
Topical term or geographic name entry element Identity (Psychology)
700 1# - ADDED ENTRY--PERSONAL NAME
Personal name Cohen, Anthony P.
Relator term (Role) Editor
700 1# - ADDED ENTRY--PERSONAL NAME
Personal name Rapport, Nigel,
Relator term (Role) Editor
856 42 - ELECTRONIC LOCATION AND ACCESS
Uniform Resource Identifier <a href="http://www.loc.gov/catdir/enhancements/fy0649/95015785-d.html">http://www.loc.gov/catdir/enhancements/fy0649/95015785-d.html</a>
942 ## - Koha item type (Biblio)
Koha item type Books in Stacks (Lending)
Holdings
Lost status Damaged status Collection code Home library Current library Date acquired Full call number Accession Number Item type
    Lending WERC Library WERC Library 02/02/2024 306 2424 Books in Stacks (Lending)

© WERC Library